One-Time Champions in Big 4 Sports - Statistics

General Stats
  • This quiz has been taken 51 times
    11 since last reset
  • The average score is 23 of 24
Answer Stats
League Year They Won Answer % Correct
NHL 2006-2007 Anaheim Ducks
100%
MLB 2001 Arizona Diamondbacks
100%
NBA 1957-1958 Atlanta Hawks(St. Louis Hawks)
100%
NHL 2005-2006 Carolina Hurricanes
100%
NFL 1985-1986 Chicago Bears
100%
NBA 2015-2016 Cleveland Cavaliers
100%
NBA 2010-2011 Dallas Mavericks
100%
NBA 2022-2023 Denver Nuggets
100%
MLB 2002 Los Angeles Angels(Anaheim Angels)
100%
NFL 2009-2010 New Orleans Saints
100%
NFL 1968-1969 New York Jets
100%
NFL 2013-2014 Seattle Seahawks
100%
NHL 2018-2019 St. Louis Blues
100%
MLB 2023 Texas Rangers
100%
NBA 2018-2019 Toronto Raptors
100%
NHL 2022-2023 Vegas Golden Knights
100%
MLB 2019 Washington Nationals
100%
NBA 1977-1978 Washington Wizards(Washington Bullets)
100%
NBA 1947-1948 Baltimore Bullets(No Longer Exist)
80%
NHL 1988-1989 Calgary Flames
80%
NHL 1998-1999 Dallas Stars
80%
NBA 1976-1977 Portland Trail Blazers
80%
NBA 1950-1951 Sacramento Kings(Rochester Royals)
80%
NHL 2017-2018 Washington Capitals
60%
No matching quizzes found
Score Distribution
Percent of People with Each Score
Percentile by Number Answered
Your Score History
You have not taken this quiz since the last reset